[Event "Continental-ch Women America 2017"]
[Site "Villa Martelli"]
[Date "2017.09.06"]
[Round "2.6"]
[White "Amura, Claudia"]
[Black "Cosme Contreras, Trilce"]
[Result "0-1"]
[WhiteElo "2262"]
[BlackElo "1872"]
[Annotator "TA"]
[PlyCount "100"]
[EventDate "2017.??.??"]
[EventType "swiss"]
[EventCountry "ARG"]
[SourceTitle "playchess.com"]
[Source "ChessBase"]
[SourceQuality "1"]

{[%evp 9,100,-21,-8,-27,-15,-64,-59,-66,-50,-50,-31,-35,-12,-11,0,0,7,-36,-31,-101,0,0,0,-68,-56,-77,-5,-27,-16,-13,0,-28,-21,-11,-11,-10,27,25,37,-28,-18,-37,-48,-55,-4,-112,-114,-153,-87,-103,-81,-58,-58,-210,-197,-335,-320,-320,-320,-320,-320,-305,-304,-416,-421,-414,-412,-388,-381,-522,-564,-516,-559,-675,-518,-601,-648,-756,-742,-687,-672,-737,-729,-720,-713,-752,-736,-724,-650,-1875,-1833,-29982,-29983]} 1. d4 Nf6 2. Bg5 c5 3. Bxf6 exf6 4. e3 Qb6 (4... d5 5. Nc3 Nc6 6. Nge2 Be6 7. g3 cxd4 8. exd4 Bb4 9. Bg2 Bxc3+ 10. Nxc3 Qb6 11. Qd2 O-O 12. O-O-O Rfd8 {1-0 (57) Van Wely,L (2650)-Van Kampen,R (2637) Netherlands 2015}) 5. b3 cxd4 6. exd4 {A45: Trompowsky Attack} d5 7. Qe2+ $146 ({Find the theoretical novelty and annotate with similar games:} 7. Bd3 Nc6 8. c3 Bd6 9. Ne2 O-O 10. O-O Bg4 11. Qc2 g6 12. Nd2 {½-½ (54) Papa,S (2405)-Mrva,M (2471) Zemplinska Sirava 2004}) 7... Be6 {aiming for ...Nc6.} 8. Qb5+ {Black is slightly better.} Qxb5 (8... Nc6 {seems wilder.} 9. Qxb6 axb6 10. Bb5 Bd6 11. Ne2 O-O) 9. Bxb5+ Nd7 10. Ne2 Bd6 11. O-O a6 12. Bd3 $1 Rc8 13. f4 {Hoping for f5.} f5 14. g4 {[#]} (14. Nd2 $15) 14... Nf6 ({Worse is} 14... fxg4 15. f5 $16) (14... g6 $1 $17 15. Ng3 fxg4) 15. gxf5 $11 Bd7 16. a4 (16. c4 $11) 16... O-O $15 {[%mdl 1024] Black has compensation.} 17. Nd2 Bb4 (17... Rfe8 $17 {...Rxe2! is the strong threat.} 18. Nf3 Ne4) 18. Nf3 $11 Ne4 19. Ng3 $1 Bc3 20. Nxe4 dxe4 21. Bxe4 Bxa1 22. Rxa1 f6 23. c4 Rfe8 24. Bxb7 (24. Nd2 $14) 24... Rb8 25. Bd5+ Kf8 26. Nd2 Bxf5 (26... Re3 $1 $15) 27. Ra2 (27. Kf2 $11) 27... Re3 $36 {[%mdl 2048] Black is on the roll.} 28. Bf3 g5 ({Better is} 28... Ke7 29. Kf2 Rd3) 29. fxg5 fxg5 30. Kf2 Rc3 31. c5 $2 (31. Be4 $15 Bxe4 32. Nxe4 Rcxb3 33. Nxg5) 31... Rb4 $19 32. Rb2 (32. Nc4 {was worth a try.}) 32... a5 33. Be4 Rxd4 34. Bxf5 {Threatens to win with Ne4.} Rf4+ 35. Kg2 {And now Rc2 would win.} Rxf5 {[%mdl 4096] Endgame KRR-KRN} 36. b4 axb4 37. Rxb4 Rcxc5 38. Kg3 Rc3+ 39. Kg2 Rc2 40. Rd4 Rf4 41. Rd7 Ke8 42. Rd5 Rxa4 43. Kg3 Rc3+ 44. Kf2 Ra2 45. Ke1 Rc1+ 46. Kf2 Kf7 47. Kf3 Rd1 48. Ke3 Kg6 49. Rd3 Kh5 50. Ke2 {[#]} Rdxd2+ $1 {Precision: White = 31%, Black = 64%.} 0-1

[Event "Continental-ch Women America 2017"]
[Site "Villa Martelli"]
[Date "2017.09.06"]
[Round "2.7"]
[White "Zuriel, Marisa"]
[Black "Cordero, Daniela"]
[Result "1/2-1/2"]
[WhiteElo "2180"]
[BlackElo "2005"]
[Annotator "TA"]
[PlyCount "126"]
[EventDate "2017.??.??"]
[EventType "swiss"]
[EventCountry "ARG"]
[SourceTitle "playchess.com"]
[Source "ChessBase"]
[SourceQuality "1"]

{[%evp 28,126,48,46,81,55,73,39,33,33,37,11,62,70,82,84,122,117,122,99,96,-148,-139,-114,-114,-444,-230,-390,-401,-380,-334,-354,-289,-470,-494,-434,-187,-331,-270,-232,-141,-179,-21,-498,-489,-498,-487,-450,-431,-443,-439,-438,-438,-385,-421,-440,-437,-415,-374,-927,-927,-894,-275,-893,-887,-1267,-651,-1254,-1194,-1194,-638,-616,-601,-548,-403,-377,-360,-373,-339,-383,-383,-397,-404,-408,-406,-492,-384,-353,-334,-331,-138,-170,-172,-162,0,-27,0,-12837,-12831,-12832,-9323]} 1. e4 {[%cal Be2e4,Be4e5][%mdl 32]} e6 2. d4 d5 3. Nc3 Nf6 4. e5 Nfd7 5. f4 c5 6. Nf3 Nc6 7. Be3 Qb6 8. Na4 Qa5+ 9. c3 b6 10. Bd2 c4 11. b4 Nxb4 {C11: French: Classical System: 4 e5 and 4 Bg5 dxe4} 12. cxb4 Bxb4 13. Qc2 Bxd2+ 14. Nxd2 b5 15. Nc3 {LiveBook: 32 Games} Nb6 {[#]} 16. h4 $146 ({Predecessor:} 16. Be2 b4 17. Nd1 Bd7 18. O-O Ba4 19. Qc1 Bxd1 20. Bxd1 {½-½ (116) Gharamian,T (2560)-Hovhannisyan,M (2458) Charleroi 2008}) 16... Bd7 17. Rh3 b4 18. Nd1 Rc8 19. h5 Na4 (19... Ba4 $11 20. Qc1 Bxd1 21. Qxd1 O-O) 20. Rb1 Qb6 21. Nf3 a5 22. Rg3 g6 23. Ne3 Ke7 24. Ng4 $2 (24. Nd1 $16 {keeps the pressure on.}) 24... b3 $1 $17 {[%cal Rb3c2][%mdl 1024] Black has strong compensation.} 25. Qc1 (25. axb3 $2 cxb3 26. Qd1 Qb4+ 27. Nd2 b2 $19) 25... Qb4+ 26. Kf2 $2 {[%mdl 8192]} (26. Nd2 $17 {was the crucial defense.}) 26... Nc3 (26... b2 $142 27. Qe3 (27. Qc2 $2 Nc3 $19) 27... Nc3) 27. a3 $2 (27. f5 Nxb1 28. Qg5+ Ke8 29. Nf6+ Ke7 30. Nxd5+ Ke8 31. hxg6 fxg6 32. fxe6 Bxe6 33. Nxb4) 27... Ne4+ $19 28. Kg1 Qa4 29. Rh3 c3 30. Bd3 $2 (30. hxg6 hxg6 31. Rxh8 Rxh8 32. Ne3) 30... b2 31. Qc2 Qxa3 (31... Qxc2 $142 32. Bxc2 Nd2) 32. Bxe4 {next Bd3 is good for White.} dxe4 33. Ne1 {intending Qf2.} gxh5 34. Nf6 Ba4 $2 (34... Qa4 $1 $19 {[%cal Ra4c2]} 35. Nxd7 (35. Qxe4 $2 c2 $19) 35... Qxc2 36. Nxc2 Kxd7 37. Rxh5 a4) 35. Qxe4 $2 {[%mdl 8192]} (35. Qe2 $1 $11) 35... Qb4 $1 36. d5 Qxe4 37. d6+ Kd8 38. Nxe4 c2 39. Nxc2 Bxc2 (39... Rxc2 40. Rc3 $15) 40. Rxb2 {Threatens to win with Nf6.} Bxe4 41. Ra3 Rg8 42. Rxa5 Rg4 43. Rf2 $2 (43. Kh2) 43... Rc1+ 44. Kh2 Rh4+ 45. Kg3 Rch1 {[%csl Gh5][%cal Rh4g4]} 46. Rfa2 Rg4+ 47. Kf2 Rxg2+ 48. Ke3 Rxa2 49. Rxa2 {[%mdl 4096] Endgame KRB-KR} Bd5 50. Ra7 Rb1 51. Rxf7 {[#]} Rb7 $1 {[%cal Rb7f7]} 52. Rf8+ Kd7 53. Rh8 Kc6 54. Rc8+ Kb6 ({Weaker is} 54... Kd7 55. Rh8 $19) 55. Kd4 h4 {[%cal Bh5h4,Bh4h3,Bh3h2][%mdl 32]} 56. Rc3 Rf7 57. f5 h5 ({Not} 57... Rxf5 58. d7 $11) 58. f6 Bg2 (58... Ra7 $19 {and Black stays clearly on top.} 59. Rc8 h3 60. Rb8+ Kc6 61. Rc8+ Kd7) 59. Ke3 h3 {Strongly threatening ...h2.} 60. Kf2 {[#]} h4 (60... Ra7 $1 $19 {...h4 is the strong threat.} 61. Rc2 Be4 62. Rb2+ Kc6) 61. Rc4 $1 $11 Ra7 {aiming for ...Ra2+.} (61... Kb5 $5 {[%cal Rb5c4]} 62. Rxh4 Kc5 $17) 62. Rd4 $2 {[%mdl 8192]} (62. Rxh4 $11 Kc5 63. Rf4) 62... Ra2+ $19 63. Ke3 h2 {[%mdl 32768] Precision: White = 39%, Black = 54%. . An unexpected result.} 1/2-1/2

[Event "Continental-ch Women America 2017"]
[Site "Villa Martelli"]
[Date "2017.09.06"]
[Round "2.8"]
[White "Martinez, Ayelen"]
[Black "Coelho, Tatiane Cristina"]
[Result "1-0"]
[WhiteElo "2190"]
[BlackElo "1777"]
[Annotator "TA"]
[PlyCount "82"]
[EventDate "2017.??.??"]
[EventType "swiss"]
[EventCountry "ARG"]
[SourceTitle "playchess.com"]
[Source "ChessBase"]
[SourceQuality "1"]

{[%evp 19,82,25,21,7,22,1,52,0,0,-1,10,-23,-16,-18,0,-6,-7,-19,-10,-9,147,-110,-97,-101,-104,-83,-102,-199,-201,-175,-149,-172,-111,-110,-96,-105,-99,-101,-95,-89,-89,-115,-43,-55,0,0,83,0,86,91,304,304,302,304,970,693,1038,1049,1069,1060,1021,1006,963,389,792]} 1. e4 e5 2. Nf3 Nc6 3. Bb5 {[%cal Bf1b5,Bb5a4,Ba4b3,Bb3a2][%mdl 32]} a6 4. Ba4 Nf6 5. d3 b5 6. Bb3 Be7 7. O-O d6 8. a3 O-O 9. Nc3 h6 {C77: Ruy Lopez: 3...a6 4 Ba4 Nf6, unusual lines} 10. h3 Re8 {LiveBook: 5 Games} 11. Ba2 $146 ({Predecessor:} 11. Bd2 Bf8 12. a4 Rb8 13. axb5 axb5 14. Re1 Be6 15. Nd5 Nd7 16. c3 Ne7 17. Ne3 Bxb3 18. Qxb3 {1-0 (80) Wei,Y (2734)-Ding,L (2782) Baku 2015}) 11... Bf8 {The position is equal.} 12. Be3 Bb7 ({Black should play} 12... Ne7 $11) 13. Ne2 (13. Nd5 $14) 13... d5 $11 14. Ng3 Nb8 15. Qe2 Nbd7 16. Nh2 dxe4 17. dxe4 Nxe4 18. Nxe4 Bxe4 {[#]} 19. Bxh6 $1 {[%mdl 512]} Bxg2 $2 (19... Nc5 $11) (19... gxh6 20. Qxe4) 20. Rfd1 $2 {[%mdl 8192]} (20. Kxg2 $6 gxh6 21. Rad1 Bd6 $16) (20. Qh5 $1 $16 {stays on course.} Re7 21. Bg5 (21. Kxg2 gxh6 22. Ng4 Rb8 $16) 21... Bxf1 22. Bxf7+ $1 {[%mdl 512]} Rxf7 23. Bxd8) 20... Bc6 $17 ({But not} 20... Bxh3 21. Bxf7+ $1 {[%mdl 512]} Kxf7 22. Qh5+ Kg8 23. Bg5 $15) 21. Qh5 Qf6 22. Bg5 Qf5 $1 23. b4 (23. Ng4 $17 {was worth a try.} g6 24. Qh4) 23... Be7 $19 24. h4 g6 25. Qg4 Bxg5 (25... Kg7 $19 26. Qxf5 gxf5) 26. hxg5 $17 Rad8 27. Qxf5 gxf5 28. g6 Kg7 29. gxf7 Rh8 30. Rd3 f4 (30... Nf6 $1 $17 {White must now prevent ...Rxd3.} 31. Be6 Rd4 32. Rg3+ Kf8) 31. Rad1 Rh6 ({Better is} 31... e4 $1 $15 32. Rd4 Rh4) 32. f3 $11 Rdh8 (32... e4 $11 {keeps the balance.} 33. fxe4 Rdh8) 33. R1d2 ({White should try} 33. Ng4 $16 Rg6 34. Kf2 (34. Rxd7 Rxg4+ 35. fxg4 Rh1+ 36. Kf2 Rh2+ 37. Ke1 Rh1+ 38. Kf2 Rh2+ 39. Ke1 Rh1+ 40. Ke2 Rh2+ 41. Kd3 Rh3+ 42. Kd2 Bxd7 $16) 34... Rxg4 35. fxg4) 33... Nf6 {[#]} (33... Rg6+ $11 34. Kf1 e4 35. fxe4 Ne5) 34. Rg2+ $1 $16 Kf8 $2 {[#]} (34... Rg6 $16) 35. Rd8+ $1 $18 Ke7 36. Rdg8 Nd7 $2 (36... Rxg8 37. fxg8=R (37. fxg8=B e4 $18) 37... Nxg8) 37. Ng4 Rh1+ 38. Kf2 Kd6 39. Rg6+ Ke7 40. Rxc6 Nf8 41. Nh2 (41. Nxe5 $142 Ra1 42. Bb3) 41... Kd8 $2 {Precision: White = 46%, Black = 25%.} (41... Kd7 42. Rxa6 R1xh2) 1-0

[Event "Continental-ch Women America 2017"]
[Site "Villa Martelli"]
[Date "2017.09.06"]
[Round "2.9"]
[White "Librelato, Kathie Goulart"]
[Black "Jorquera Cabello, Valentina"]
[Result "0-1"]
[WhiteElo "2085"]
[BlackElo "1977"]
[Annotator "NA RC"]
[PlyCount "80"]
[EventDate "2017.??.??"]
[EventType "swiss"]
[EventCountry "ARG"]
[SourceTitle "playchess.com"]
[Source "ChessBase"]
[SourceQuality "1"]
[TimeControl "40/5400+30:1800+30"]

1. e4 {[%emt 0:00:00]} c5 {[%emt 0:00:03]} 2. Nf3 {[%emt 0:00:00]} Nc6 {[%emt 0:00:08]} 3. d4 {[%emt 0:00:00]} cxd4 {[%emt 0:00:04]} 4. Nxd4 {[%emt 0:00:00]} Nf6 {[%emt 0:00:08]} 5. Nc3 {[%emt 0:00:02]} e5 {[%emt 0:00:08]} 6. Ndb5 {[%emt 0:00:20]} d6 {[%emt 0:00:16]} 7. Bg5 {[%emt 0:00:17]} a6 {[%emt 0:00:06]} 8. Na3 {[%emt 0:00:05]} b5 {[%emt 0:00:05]} 9. Bxf6 {[%emt 0:00:06]} gxf6 {[%emt 0:02:06]} 10. Nd5 {[%emt 0:00:14]} Bg7 {[%emt 0:01:11]} 11. Bd3 {[%emt 0:00:40]} Ne7 {[%emt 0:01:18]} 12. Nxe7 {[%emt 0:00:28]} Qxe7 {[%emt 0:00:11]} 13. c4 {[%emt 0:04:08]} O-O {[%emt 0:15:04]} 14. O-O {[%emt 0:00:46]} f5 {[%emt 0:00:09]} 15. Qf3 {[%emt 0:01:36]} bxc4 {[%emt 0:10:50]} 16. Nxc4 {[%emt 0:04:35]} d5 {[%emt 0:01:08]} 17. exd5 {[%emt 0:00:18]} e4 {[%emt 0:00:15]} 18. Qe3 {[%emt 0:00:08]} Bb7 {[%emt 0:02:16]} 19. d6 {[%emt 0:13:37]} Qh4 {[%emt 0:09:39]} 20. Bc2 {[%emt 0:13:59]} Rac8 {[%emt 0:05:13]} 21. Bb3 {[%emt 0:02:52]} f4 {[%emt 0:03:17]} 22. Qh3 {[%emt 0:08:27]} Qf6 {[%emt 0:09:20]} 23. Nb6 {[%emt 0:11:57]} Qxd6 {[%emt 0:03:44]} 24. Nxc8 {[%emt 0:00:07]} Bxc8 {[%emt 0:00:34]} 25. Qh5 {[%emt 0:00:35]} Bxb2 {[%emt 0:02:22]} 26. Rad1 {[%emt 0:03:20]} Qg6 {[%emt 0:00:26]} 27. Qh4 {[%emt 0:17:07]} Bg4 {[%emt 0:11:40]} 28. f3 {[%emt 0:05:05]} exf3 {[%emt 0:03:10]} 29. Rd5 {[%emt 0:04:25]} h6 {[%emt 0:06:44]} 30. Qf2 {[%emt 0:03:23]} Bg7 {[%emt 0:05:10]} 31. Kh1 {[%emt 0:00:26]} fxg2+ {[%emt 0:01:34]} 32. Qxg2 {[%emt 0:00:06]} f3 {[%emt 0:00:10]} 33. Qc2 {[%emt 0:03:10]} Qf6 {[%emt 0:02:36]} 34. Qe4 {[%emt 0:01:38]} Qh4 {[%emt 0:03:10]} 35. Bc2 {[%emt 0:01:44]} Rc8 {[%emt 0:02:30]} 36. Bd3 {[%emt 0:01:43]} Qh3 {[%emt 0:00:43]} 37. Rg1 {[%emt 0:00:30]} f2 {[%emt 0:00:41]} 38. Qxg4 {[%emt 0:00:28]} fxg1=Q+ {[%emt 0:00:19]} 39. Qxg1 {[%emt 0:00:02]} Qf3+ {[%emt 0:00:09]} 40. Qg2 {[%emt 0:00:00]} Rc1+ {[%emt 0:00:08]} 0-1

[Event "Continental-ch Women America 2017"]
[Site "Villa Martelli"]
[Date "2017.09.08"]
[Round "4"]
[White "Cori T, Deysi"]
[Black "Arribas Robaina, Maritza"]
[Result "1-0"]
[WhiteElo "2389"]
[BlackElo "2273"]
[Annotator "TA"]
[PlyCount "67"]
[EventDate "2017.??.??"]
[EventType "swiss"]
[EventCountry "ARG"]
[SourceTitle "playchess.com"]
[Source "ChessBase"]
[SourceQuality "1"]

{[%evp 20,67,20,4,0,0,0,-9,-8,-24,0,-35,-30,-34,-44,-38,-42,-39,14,29,27,13,13,13,22,20,27,22,27,10,31,14,86,89,93,87,157,163,206,214,343,338,971,929,29993,5485,5691,5853,5728,5716]} 1. d4 e6 2. c4 Nf6 3. g3 d5 4. Nf3 Be7 5. Bg2 O-O 6. O-O b6 7. cxd5 exd5 8. Nc3 Bb7 9. Bf4 Nbd7 10. Rc1 c6 {E18: Queen's Indian: Old Main Line (4 g3 Bb7 5 Bg2 Be7 6 0-0 0-0 7 Nc3)} 11. Qd3 {LiveBook: 3 Games} (11. Qc2 Re8 12. Rfd1 Nf8 13. e4 dxe4 14. Ne5 Nd5 15. Nxe4 Ne6 16. Be3 Rc8 17. Qb3 Bf8 18. Nc3 Nxe3 19. fxe3 Rc7 20. Kh1 {1-0 (54) Dominguez Perez,L (2739)-Caruana,F (2807) Saint Louis 2017}) 11... Re8 12. Bh3 Bb4 $146 {The position is equal.} ({Find the theoretical novelty and annotate with similar games:} 12... Nf8 13. Ne5 Bd6 14. f3 Nh5 15. Qf5 Bxe5 16. Bxe5 g6 17. Qd3 f6 18. Bf4 Nxf4 19. gxf4 {0-1 (31) Piotrowski,P (1991)-Niekras,D (1840) Solina 2012}) 13. a3 Bxc3 14. Rxc3 a5 15. Rc2 Ba6 16. Qd1 Bc4 17. Ne5 Nxe5 18. dxe5 Ne4 (18... Nh5 $15 19. Qd2 Nxf4 20. gxf4 a4) 19. Rxc4 $11 dxc4 20. Bd7 Nc5 21. Bxe8 Qxe8 22. Qd4 Qe6 23. Rd1 h6 24. Qc3 b5 25. Qe3 $36 {[%mdl 2048] White has good play.} Na4 (25... Nd7 $1 $11 {keeps the balance.}) 26. Rd6 $16 Qf5 27. e6 {[#] aiming for e7.} fxe6 (27... Re8 $142) 28. Be5 Rf8 29. Rxc6 Qb1+ (29... Rf7 $142 30. Rc8+ Kh7) 30. Kg2 $18 Nxb2 $2 {[#]} (30... Qf5 31. f3 Qg5) 31. Bxg7 $1 {[%mdl 512]} Kxg7 32. Qe5+ (32. Rc7+ $142 Kf6 33. Qd4+ e5 34. Qd6+ Kf5 35. Qxf8+ Kg4 36. Rg7+ Qg6 37. Rxg6+ Kh5 38. Qxh6#) 32... Rf6 33. Rc7+ Kg6 34. g4 {Precision: White = 79%, Black = 29%.} 1-0

[Event "Continental-ch Women America 2017"]
[Site "Villa Martelli"]
[Date "2017.09.08"]
[Round "4"]
[White "Lujan, Carolina"]
[Black "Chumpitaz, Ann"]
[Result "1/2-1/2"]
[WhiteElo "2376"]
[BlackElo "2225"]
[Annotator "TA"]
[PlyCount "71"]
[EventDate "2017.??.??"]
[EventType "swiss"]
[EventCountry "ARG"]
[SourceTitle "playchess.com"]
[Source "ChessBase"]
[SourceQuality "1"]

{[%evp 27,71,0,0,3,20,1,7,8,50,45,37,45,146,143,155,161,159,164,171,133,141,152,150,118,125,122,139,133,146,146,145,155,137,117,126,122,150,19,20,19,20,20,20,20,18,0]} 1. e4 c5 2. Nf3 e6 3. d4 cxd4 4. Nxd4 Nc6 5. Nc3 Qc7 6. Be2 a6 7. O-O Nf6 8. Kh1 Be7 9. f4 d6 10. Be3 O-O 11. a4 Rd8 12. Bf3 Ne5 {B85: Sicilian Scheveningen: 6 Be2 a6, lines with early Be3} 13. Qe1 (13. Ndb5 axb5 14. Nxb5 Qc6 15. fxe5 dxe5 16. Qe2 b6 17. Qf2 Nd7 18. b3 Bb7 19. Rad1 Nc5 20. Bxc5 Qxc5 21. Qe2 Qb4 22. g3 {0-1 (44) Garcia,G (2396)-Ramirez,A (2552) Medellin 2017}) 13... Nc4 14. Bc1 e5 {LiveBook: 3 Games} 15. Nde2 Qc5 16. fxe5 $146 ({Predecessor:} 16. b3 Ne3 17. b4 Qa7 18. Bxe3 Qxe3 19. a5 Be6 {½-½ (44) Bodnar,P (2234)-Hindicky,F (2218) Slovakia 2003}) 16... dxe5 17. Ng3 Qd4 18. Nd5 Nxd5 19. exd5 Bh4 {[#]} (19... f5 $14) 20. c3 $1 $36 {[%cal Rc3d4][%mdl 2048] Keeping Black busy.} Qb6 21. Qe4 $1 {[%csl LRc4,LRh4]} Bxg3 22. Qxc4 ({Don't play} 22. hxg3 $6 Qc7 $16) 22... Bf2 23. Qe2 Bh4 24. Qxe5 Bf6 25. Qg3 Bf5 26. Qf2 Qd6 27. Be3 Be5 28. Bd4 Re8 {[%cal Bd8e8,Be8e5,Be5e4][%mdl 32]} 29. Bxe5 Rxe5 30. Qg3 Rae8 31. a5 g6 32. Qh4 (32. Rae1 $16) 32... Be4 $1 $11 {The position is equal.} 33. c4 Bxf3 34. Rxf3 Re4 35. Qf2 Qb4 {[#] ...Re1+ is the strong threat.} 36. h3 {Precision: White = 55%, Black = 44%.} 1/2-1/2

[Event "Continental-ch Women America 2017"]
[Site "Villa Martelli"]
[Date "2017.09.08"]
[Round "4"]
[White "Amura, Claudia"]
[Black "Jorquera Cabello, Valentina"]
[Result "1/2-1/2"]
[WhiteElo "2262"]
[BlackElo "1977"]
[Annotator "TA"]
[PlyCount "120"]
[EventDate "2017.??.??"]
[EventType "swiss"]
[EventCountry "ARG"]
[SourceTitle "playchess.com"]
[Source "ChessBase"]
[SourceQuality "1"]

{[%evp 20,120,48,34,54,22,53,45,48,25,25,14,19,14,18,14,15,17,10,10,11,11,30,32,32,28,29,7,13,-6,0,0,0,0,0,0,2,0,0,0,0,0,0,0,16,0,8,0,38,28,28,27,29,14,14,14,14,14,14,8,8,0,0,0,14,0,14,0,10,10,13,16,91,14,14,14,81,22,22,29,47,33,50,51,55,23,22,22,23,10,10,10,11,11,8,8,8,8,8,8,8,8,8]} 1. d4 Nf6 2. c4 g6 3. Nc3 Bg7 4. e4 d6 5. Nf3 O-O 6. Be3 e5 7. dxe5 dxe5 8. Qxd8 Rxd8 9. Nd5 Nxd5 10. cxd5 c6 11. Bc4 {LiveBook: 43 Games} h6 {E90: King's Indian: Classical: Early deviations and 6 h3} (11... cxd5 12. Bxd5 Nc6 13. Bxc6 bxc6 14. O-O Be6 15. Rfc1 Rdb8 16. b3 a5 17. Rxc6 a4 18. Rcc1 axb3 19. axb3 Bxb3 20. Rxa8 Rxa8 {½-½ (31) Spasov,V (2539)-Georgiev,K (2607) Bol 2015}) 12. Rc1 cxd5 13. Bxd5 Na6 {White is slightly better.} 14. a3 {And now 0-0 would win.} Rd7 $146 ({Predecessor:} 14... Re8 15. O-O Nb8 16. Rc7 Nd7 17. Rfc1 Rf8 18. Nd2 Nf6 19. Bxb7 Bxb7 20. Rxb7 {1-0 (35) Nava Baro,E (2205)-Morales de la Rosa,E (1968) Malaga 2012}) 15. O-O Nc7 16. Bb3 b6 17. Rfd1 Rxd1+ 18. Rxd1 {Threatens to win with Rd8+.} Be6 19. Bxe6 Nxe6 20. Kf1 Rd8 21. Rxd8+ Nxd8 $11 {[%mdl 4096] Endgame KBN-KBN} 22. Ke2 f5 23. Kd3 Kf7 (23... f4 $5 {[%cal Rf4e3]} 24. Bd2 Kf7 $11) 24. Nh4 f4 25. Bd2 Bf6 26. Nf3 Ke6 27. Kc4 a6 28. a4 Be7 29. Ne1 Nb7 30. f3 g5 31. Nd3 Nd6+ 32. Kc3 Nf7 33. Be1 Kd7 (33... g4 $5) 34. Kc4 Kc6 35. Bb4 b5+ 36. axb5+ axb5+ 37. Kb3 Bd8 38. Bc3 Bc7 39. Nb4+ Kc5 40. Na6+ Kb6 41. Nb4 Kc5 42. Nd3+ Kc6 43. Bb4 h5 44. h3 Bb6 45. Be7 Bd4 (45... Kd7 $11 46. Bc5 Ba5) 46. Nb4+ (46. Bf6 $16) 46... Kd7 47. Nd5 Ke6 (47... Kc6 $11 {keeps the balance.}) 48. Bb4 (48. Ka3 $16) 48... g4 $1 {[%cal Rg4h3]} 49. hxg4 hxg4 50. fxg4 Ng5 51. Nc7+ Kf6 52. Nxb5 (52. Ne8+ {feels hotter.} Kg6 53. Nd6 Bb6 54. Bc3 Kf6 55. Kc2) 52... Bxb2 53. Kxb2 Nxe4 54. Be1 Kg5 {The position is equal.} 55. Nc3 Nf6 56. Kc2 {Kd3 is the strong threat.} Nxg4 57. Ne4+ Kf5 58. Kd3 {Black must now prevent Bf2.} Ne3 59. g3 Nf1 60. gxf4 exf4 {Precision: White = 55%, Black = 67%.} 1/2-1/2